| 000 | 01010nam a22002537a 4500 | ||
|---|---|---|---|
| 005 | 20170124102956.0 | ||
| 010 | _aA-536306 | ||
| 020 | _c100.00 | ||
| 035 | _aA-536306 | ||
| 037 | _bCen Lib/Ret | ||
| 040 |
_aDPL _bHN |
||
| 082 |
_aउ _bसत्यश |
||
| 100 |
_aसत्य, शकुन _953398 |
||
| 245 |
_aमैं तुम्हे आज़ादी दूंगा / _cसत्य शकुन |
||
| 246 |
_aMain tumhen azadi doonga / _bby Satya Shakun |
||
| 260 |
_aनयी दिल्ली _bएस.के. पब्लिशर्स _c1992 |
||
| 270 |
_aए-47, अमर कालोनी, लाजपत नगर _bनयी दिल्ली _e110024 |
||
| 300 |
_a259पृ. _c21सेमी (सजिल्द) |
||
| 650 |
_aहिन्दी साहित्य _953399 |
||
| 650 |
_aहिन्दी उपन्यास _953400 |
||
| 650 |
_aHindi - literature _953401 |
||
| 650 |
_aHindi novel _953402 |
||
| 942 |
_2ddc _cHN _hउ _mसत्यश |
||
| 999 |
_c113680 _d113680 |
||